000 00557nam a2200181Ia 4500
008 151018s9999 xx 000 0 und d
082 _bRBASDV39187
_a891.463
100 _aसुमती कुकडे
245 _aआजीबाईचा बटवा
250 _b1
260 _bमधुराज
_c2002
300 _a12
600 _aसुमती कुकडे
630 _aआजीबाईचा बटवा
700 _aसुमती कुकडे
730 _aआजीबाईचा बटवा
942 _cBOOK
999 _c1038517
_d1038514